Optics interference / (Record no. 20226)

MARC details
000 -LEADER
fixed length control field 00743nam a22002177a 4500
008 - FIXED-LENGTH DATA ELEMENTS--GENERAL INFORMATION
fixed length control field 081223t xxu||||| |||| 00| 0 eng d
010 ## - LCCN (DPL NO)
LC control number ENG-92290
020 ## - INTERNATIONAL STANDARD BOOK NUMBER
Terms of availability 125.00
International Standard Book Number 9788190761659
035 ## - SYSTEM CONTROL NUMBER
System control number EN-75823
037 ## - SOURCE OF ACQUISITION
Source of stock number/acquisition DBAD / PUB
040 ## - CATALOGING SOURCE
Original cataloging agency dpl
Language of cataloging English
082 ## - DEWEY DECIMAL CLASSIFICATION NUMBER
Classification number 535
100 ## - MAIN ENTRY--PERSONAL NAME
Personal name Subhashini Devi, K.
245 ## - TITLE STATEMENT
Title Optics interference /
Statement of responsibility, etc by K. Subhashini Devi
250 ## - EDITION STATEMENT
Edition statement 2nd ed
260 ## - PUBLICATION, DISTRIBUTION, ETC. (IMPRINT)
Place of publication, distribution, etc Chennai
Name of publisher, distributor, etc Mani Pathippagam
Date of publication, distribution, etc 2008
270 ## - ADDRESS
Address 15, Kosu Mani Street, Choolaimedu
City Chennai
Postal code 600094
300 ## - PHYSICAL DESCRIPTION
Extent 111p.
Dimensions 22cm (pbk)
942 ## - ADDED ENTRY ELEMENTS (KOHA)
Source of classification or shelving scheme Dewey Decimal Classification
Item type English Books
Call number suffix SUB
Classification part 535
Holdings
Withdrawn status Lost status Source of classification or shelving scheme Damaged status Not for loan Collection code Home library Current library Date acquired Source of acquisition Cost, normal purchase price Total Checkouts Full call number Barcode Date last seen Copy number Cost, replacement price Koha item type
    Dewey Decimal Classification   Not For Loan Non-fiction D.B.Act.Division D.B.Act.Division 01/01/2009 DBAD / PUB 125.00   535 SUB EN-75823 23/12/2008 1 125.00 English Books

© Delhi Public Library
Hit Counter
free hit counter